Statystyki dla Mapa Polski bez 5 losowych województw

Kliknij tutaj aby rozwiązać quiz!

Ogólne statystyki

  • Ten quiz został rozwiązany 354 razy
  • Średni wynik to 4 z 5

Odpowiedzi na mapie

Odpowiedzi skodowane kolorowo w zielono-czerwonej skali na mapie do tego quizu, zgodnie z poniższymi procentami.
 

Statystyki odpowiedzi

Województwa% Poprawnych
Małopolskie
100%
Mazowieckie
100%
Pomorskie
100%
Śląskie
100%
Wielkopolskie
100%
Zachodniopomorskie
94%
Dolnośląskie
93%
Kujawsko - pomorskie
93%
Podkarpackie
92%
Łódzkie
83%
Lubelskie
83%
Lubuskie
83%
Warmińsko - mazurskie
83%
Podlaskie
80%
Świętokrzyskie
75%
Opolskie
73%

Rozkład punktacji

Percentyl według liczby udzielonych odpowiedzi

Procent ludzi z każdym wynikiem

Twoja historia wyników

Nie rozwiązałeś tego quizu